000 00556nam a2200193Ia 4500
003 OSt
005 20251230121522.0
008 210210b1958 xxu||||| |||| 00| 0 eng d
040 _cAL
041 _akan
082 _a859/2173
100 _aSITARAMA SHASTRI
_9158393
_dಸೀತಾರಾಮ ಶಾಸ್ತ್ರಿ
245 _aArkat pathana:
_bಆರ್ಕಾಟ್ ಪತನ
260 _aBengaluru
_b-
_c1958
690 _aKannada Fiction
_9158394
700 _aVIRAKESARI
_9158395
_dವೀರಕೇಸರಿ.
906 _a022885
942 _2ddc
_cBK
999 _c147584
_d147584